| 000 | 00596nam a2200241Ia 4500 | ||
|---|---|---|---|
| 008 | 160404s9999 xx 000 0 und d | ||
| 020 | _a971-23-3700-6 | ||
| 050 | _aFIL HD 31 | ||
| 050 | _b.L67 2003 c.2 | ||
| 100 | _aLorenzana, Carlos C. | ||
| 245 | _aManagement : | ||
| 245 | _btheory and practice / | ||
| 245 | _cCarlos C. Lorenzana. | ||
| 250 | _aRevised Edition | ||
| 260 | _aManila : | ||
| 260 | _bRex Book Store, Inc., | ||
| 260 | _c2003 | ||
| 300 | _a168 pages : | ||
| 300 | _billustrations ; | ||
| 300 | _c23 cm. | ||
| 500 | _aIncludes index. | ||
| 650 | _aManagement. | ||
| 999 |
_c293251 _d293251 |
||